Jack and the leprechaun / (Record no. 173319)
[ view plain ]
| 000 -LEADER | |
|---|---|
| fixed length control field | 01159cam a2200337 a 4500 |
| 008 - FIXED-LENGTH DATA ELEMENTS--GENERAL INFORMATION | |
| fixed length control field | 990426s2000 nyua a 000 1 eng |
| 010 ## - LIBRARY OF CONGRESS CONTROL NUMBER | |
| LC control number | 99029845 |
| 020 ## - INTERNATIONAL STANDARD BOOK NUMBER | |
| International Standard Book Number | 0375803289 (pbk.) |
| 035 ## - SYSTEM CONTROL NUMBER | |
| System control number | A558121FDB7E4623944DA4354801CAE1 |
| 040 ## - CATALOGING SOURCE | |
| Original cataloging agency | DLC |
| Transcribing agency | DLC |
| Modifying agency | DLC |
| -- | KyLxBWI |
| 042 ## - AUTHENTICATION CODE | |
| Authentication code | lcac |
| 050 00 - LIBRARY OF CONGRESS CALL NUMBER | |
| Classification number | PZ7.R5453 |
| Item number | Jah 2000 |
| 082 00 - DEWEY DECIMAL CLASSIFICATION NUMBER | |
| Classification number | [E] |
| Edition number | 21 |
| 035 ## - SYSTEM CONTROL NUMBER | |
| System control number | A558121FDB7E4623944DA4354801CAE1 |
| 005 - DATE AND TIME OF LATEST TRANSACTION | |
| control field | 20241220153838.0 |
| 001 - CONTROL NUMBER | |
| control field | 38352 |
| 003 - CONTROL NUMBER IDENTIFIER | |
| control field | DCL |
| 100 1# - MAIN ENTRY--PERSONAL NAME | |
| Personal name | Robertson, Ivan. |
| 9 (RLIN) | 6340581 |
| 245 10 - TITLE STATEMENT | |
| Title | Jack and the leprechaun / |
| Statement of responsibility, etc | by Ivan Robertson ; illustrated by Katy Bratun. |
| 260 ## - PUBLICATION, DISTRIBUTION, ETC. (IMPRINT) | |
| Place of publication, distribution, etc | New York : |
| Name of publisher, distributor, etc | Random House, |
| Date of publication, distribution, etc | c2000. |
| 300 ## - PHYSICAL DESCRIPTION | |
| Extent | 1 v. (unpaged) : |
| Other physical details | col. ill. ; |
| Dimensions | 21 cm. |
| 490 0# - SERIES STATEMENT | |
| Series statement | Random House pictureback |
| 490 0# - SERIES STATEMENT | |
| Series statement | Please read to me |
| 520 ## - SUMMARY, ETC. | |
| Summary, etc | Jack the mouse goes to visit his cousin in Ireland on St. Patrick's Day, and spends the day trying to catch a leprechaun. |
| 650 #1 - SUBJECT ADDED ENTRY--TOPICAL TERM | |
| Topical term or geographic name as entry element | Mice |
| Form subdivision | Fiction. |
| 9 (RLIN) | 6340582 |
| 650 #1 - SUBJECT ADDED ENTRY--TOPICAL TERM | |
| Topical term or geographic name as entry element | Leprechauns |
| Form subdivision | Fiction. |
| 9 (RLIN) | 5675704 |
| 650 #1 - SUBJECT ADDED ENTRY--TOPICAL TERM | |
| Topical term or geographic name as entry element | Saint Patrick's Day |
| Form subdivision | Fiction. |
| 9 (RLIN) | 5675703 |
| 651 #1 - SUBJECT ADDED ENTRY--GEOGRAPHIC NAME | |
| Geographic name | Ireland |
| Form subdivision | Fiction. |
| 9 (RLIN) | 5675876 |
| 700 1# - ADDED ENTRY--PERSONAL NAME | |
| Personal name | Bratun, Katy, |
| Relator term | ill. |
| 9 (RLIN) | 32330 |
| 942 ## - ADDED ENTRY ELEMENTS (KOHA) | |
| Koha item type | UNKNOWN |
| Withdrawn status | Lost status | Source of classification or shelving scheme | Damaged status | Not for loan | Collection code | Home library | Current library | Shelving location | Date acquired | Source of acquisition | Total Checkouts | Total Renewals | Full call number | Barcode | Checked out | Date last seen | Date checked out | Cost, replacement price | Price effective from | Koha item type |
|---|---|---|---|---|---|---|---|---|---|---|---|---|---|---|---|---|---|---|---|---|
| Dewey Decimal Classification | Children Holiday Books | Wasatch County Library | Wasatch County Library | Main Floor Childrens Area | 12/04/2000 | Penworthy | 62 | 9 | E St. Patrick's Day Robertson | 34301000309080 | 04/01/2026 | 02/03/2026 | 02/03/2026 | 11.49 | 03/20/2020 | BOOK |
